Acute angles - Statistics

General Stats
  • This quiz has been taken 12 times
  • The average score is 4 of 9
Answer Stats
Picture Answer % Correct
15º
100%
22º
100%
34º
100%
43º
100%
47º
100%
53º
100%
59º
100%
82º
100%
88º
100%
89º
100%
27º
50%
63º
50%
10º
0%
11º
0%
12º
0%
13º
0%
14º
0%
16º
0%
17º
0%
18º
0%
19º
0%
20º
0%
21º
0%
23º
0%
24º
0%
25º
0%
26º
0%
28º
0%
29º
0%
30º
0%
31º
0%
32º
0%
33º
0%
35º
0%
36º
0%
37º
0%
38º
0%
39º
0%
40º
0%
41º
0%
42º
0%
44º
0%
45º
0%
46º
0%
48º
0%
49º
0%
50º
0%
51º
0%
52º
0%
54º
0%
55º
0%
56º
0%
57º
0%
58º
0%
60º
0%
61º
0%
62º
0%
64º
0%
65º
0%
66º
0%
67º
0%
68º
0%
69º
0%
70º
0%
71º
0%
72º
0%
73º
0%
74º
0%
75º
0%
76º
0%
77º
0%
78º
0%
79º
0%
80º
0%
81º
0%
83º
0%
84º
0%
85º
0%
86º
0%
87º
0%
90º
0%
No matching quizzes found
Score Distribution
Percent of People with Each Score
Percentile by Number Answered
Your Score History
You have not taken this quiz